Strategic Human Resource Management (Record no. 95731)
[ view plain ]
| 000 -LEADER | |
|---|---|
| fixed length control field | 00622nam a2200241Ia 4500 |
| 005 - DATE AND TIME OF LATEST TRANSACTION | |
| control field | 20230401162929.0 |
| 008 - FIXED-LENGTH DATA ELEMENTS--GENERAL INFORMATION | |
| fixed length control field | 230125s9999 xx 000 0 und d |
| 020 ## - INTERNATIONAL STANDARD BOOK NUMBER | |
| International Standard Book Number | 978-81-7660-2730 |
| 041 ## - LANGUAGE CODE | |
| Language code of text/sound track or separate title | eng |
| 082 ## - DEWEY DECIMAL CLASSIFICATION NUMBER | |
| Classification number | 658.312 44 |
| Item number | KES |
| 100 ## - MAIN ENTRY--PERSONAL NAME | |
| Author | Keskar M |
| 245 ## - TITLE STATEMENT | |
| Title | Strategic Human Resource Management |
| 250 ## - EDITION STATEMENT | |
| Edition statement | 1st Ed. |
| 260 ## - PUBLICATION, DISTRIBUTION, ETC. | |
| Date of publication, distribution, etc. | 2015 |
| Name of publisher, distributor, etc. | Everest Publishing House |
| Place of publication, distribution, etc. | Pune |
| 300 ## - PHYSICAL DESCRIPTION | |
| Extent | 132p |
| 440 ## - SERIES STATEMENT/ADDED ENTRY--TITLE | |
| Volume/sequential designation | 5 |
| 500 ## - GENERAL NOTE | |
| Keywords | Strategic HRM |
| 650 ## - SUBJECT ADDED ENTRY--TOPICAL TERM | |
| Topical term or geographic name entry element | Human Resource Management. |
| 700 ## - ADDED ENTRY--PERSONAL NAME | |
| Personal name | Keskar M; Selva L & Durdana O |
| 942 ## - ADDED ENTRY ELEMENTS (KOHA) | |
| Koha item type | Books |
| 906 ## - LOCAL DATA ELEMENT F, LDF (RLIN) | |
| b | 27 |
| Withdrawn status | Lost status | Damaged status | Not for loan | Home library | Current library | Date acquired | Vendor | Net Price | Bill number | Total Checkouts | Full call number | Barcode | Date last seen | Date last checked out | Actual Price | Bill Date | Koha item type | Original Barcode | Total Renewals |
|---|---|---|---|---|---|---|---|---|---|---|---|---|---|---|---|---|---|---|---|
| Smt. Hiraben Nanavati Institute of Management & Research for Women | Smt. Hiraben Nanavati Institute of Management & Research for Women | 13/02/2019 | Pritam Book Centre | 237.00 | 10769 | 1 | 658.312 44 KES B18250 | HIMR-BK-18250 | 11/02/2026 | 04/02/2026 | 210.00 | 12/02/2019 | Books | B18250 | |||||
| Smt. Hiraben Nanavati Institute of Management & Research for Women | Smt. Hiraben Nanavati Institute of Management & Research for Women | 13/02/2019 | Pritam Book Centre | 237.00 | 10769 | 4 | 658.312 44 KES B18251 | HIMR-BK-18251 | 02/03/2026 | 17/02/2026 | 210.00 | 12/02/2019 | Books | B18251 | 2 | ||||
| Smt. Hiraben Nanavati Institute of Management & Research for Women | Smt. Hiraben Nanavati Institute of Management & Research for Women | 13/02/2019 | Pritam Book Centre | 237.00 | 10769 | 1 | 658.312 44 KES B18252 | HIMR-BK-18252 | 11/02/2026 | 04/02/2026 | 210.00 | 12/02/2019 | Books | B18252 | |||||
| Smt. Hiraben Nanavati Institute of Management & Research for Women | Smt. Hiraben Nanavati Institute of Management & Research for Women | 13/02/2019 | Pritam Book Centre | 237.00 | 10769 | 1 | 658.312 44 KES B18253 | HIMR-BK-18253 | 10/02/2026 | 04/02/2026 | 210.00 | 12/02/2019 | Books | B18253 | |||||
| Smt. Hiraben Nanavati Institute of Management & Research for Women | Smt. Hiraben Nanavati Institute of Management & Research for Women | 13/02/2019 | Pritam Book Centre | 237.00 | 10769 | 1 | 658.312 44 KES B18254 | HIMR-BK-18254 | 12/02/2026 | 04/02/2026 | 210.00 | 12/02/2019 | Books | B18254 |